ARRUPE JESUIT UNIVERSITY

CORONAVIRUS -STOP THE SPREAD - CLEAN,DISINFECT,COVER

Lent : (Record no. 121076)

MARC details
000 -LEADER
fixed length control field 00980cam a2200313 a 4500
001 - CONTROL NUMBER
control field 4516203
003 - CONTROL NUMBER IDENTIFIER
control field ARRUPE
005 - DATE AND TIME OF LATEST TRANSACTION
control field 20141003132509.0
008 - FIXED-LENGTH DATA ELEMENTS--GENERAL INFORMATION
fixed length control field 970317s1997 nyua b 000 0 eng
010 ## - LIBRARY OF CONGRESS CONTROL NUMBER
LC control number 96026922
020 ## - INTERNATIONAL STANDARD BOOK NUMBER
International Standard Book Number 157075103X (alk. paper)
035 ## - SYSTEM CONTROL NUMBER
System control number (OCoLC)34996129
035 ## - SYSTEM CONTROL NUMBER
System control number (OCoLC)ocm34996129
035 ## - SYSTEM CONTROL NUMBER
System control number (NNC)4516203
040 ## - CATALOGING SOURCE
Original cataloging agency DLC
Transcribing agency DLC
Modifying agency DLC
090 ## - LOCALLY ASSIGNED LC-TYPE CALL NUMBER (OCLC); LOCAL CALL NUMBER (OCLC)
Classification number (OCLC) (R) ; Classification number, CALL (RLIN) (NR) BX2170.L4
Local cutter number (OCLC) ; Book number/undivided call number, CALL (RLIN) M37 1997
300 ## - PHYSICAL DESCRIPTION
Other physical details ill. ;
Dimensions 21 cm
100 1# - MAIN ENTRY--PERSONAL NAME
Personal name McKenna, Megan.
9 (RLIN) 11889
245 10 - TITLE STATEMENT
Title Lent :
Remainder of title the daily readings : reflections and stories /
Statement of responsibility, etc Megan McKenna
250 ## - EDITION STATEMENT
Edition statement [Rev. ed.]
260 ## - PUBLICATION, DISTRIBUTION, ETC. (IMPRINT)
Place of publication, distribution, etc Maryknoll, N.Y. :
Name of publisher, distributor, etc Orbis Books,
Date of publication, distribution, etc c1997
300 ## - PHYSICAL DESCRIPTION
Extent ix, 182 p. :
504 ## - BIBLIOGRAPHY, ETC. NOTE
Bibliography, etc Includes bibliographical references (p. 181-182)
610 20 - SUBJECT ADDED ENTRY--CORPORATE NAME
Corporate name or jurisdiction name as entry element Catholic Church
Form subdivision Prayers and devotions.
9 (RLIN) 12046
650 #0 - SUBJECT ADDED ENTRY--TOPICAL TERM
Topical term or geographic name as entry element Lent
Form subdivision Prayers and devotions.
9 (RLIN) 11227
650 #0 - SUBJECT ADDED ENTRY--TOPICAL TERM
Topical term or geographic name as entry element Church year meditations.
9 (RLIN) 7430
650 #0 - SUBJECT ADDED ENTRY--TOPICAL TERM
Topical term or geographic name as entry element Devotional calendars.
9 (RLIN) 12047
942 ## - ADDED ENTRY ELEMENTS (KOHA)
Source of classification or shelving scheme Library of Congress Classification
Koha item type Monograph ( Printed materials)
Holdings
Withdrawn status Lost status Source of classification or shelving scheme Damaged status Not for loan Collection code Home library Current library Shelving location Date acquired Total Checkouts Full call number Barcode Date last seen Price effective from Koha item type
    Library of Congress Classification     Main Collection ARRUPE LIBRARY ARRUPE LIBRARY Main Collection 03/10/2014   BX2170.L4 M37 1996 46500003801 22/11/2017 03/10/2014 Monograph ( Printed materials)

 

Arrupe Library. PO Box MP320 Mt Pleasant, Harare, Zimbabwe
263 242 745411|librarian@aju.ac.zw